Hình ảnh học sọ não X quang cắt lớp điện toán cộng hưởng từ
Đây là một quyển sách nhập môn về hình ảnh học thần kinh và cũng là một sổ tay thực hành hình ảnh học. Sách bao gồm 3 phần : Phần nhắc lại một số điểm cần lưu ý về giải phẫu và giải phẫu bệnh cần thiết; Phần giới thiệu về kỹ t...
Gorde:
| Egile nagusia: | |
|---|---|
| Beste egile batzuk: | , |
| Formatua: | Liburua |
| Hizkuntza: | Vietnamese |
| Argitaratua: |
H.
Y học
2008
|
| Gaiak: | |
| Etiketak: |
Etiketa erantsi
Etiketarik gabe, Izan zaitez lehena erregistro honi etiketa jartzen!
|
| Thư viện lưu trữ: | Thư viện Trường Đại học Nam Cần Thơ |
|---|
| LEADER | 01341nam a22002177a 4500 | ||
|---|---|---|---|
| 001 | NCT_144955 | ||
| 008 | 230324b xxu||||| |||| 00| 0 vie d | ||
| 999 | |c 7466 |d 7466 | ||
| 020 | |c 450000 | ||
| 082 | 0 | 4 | |2 23rd ed. |a 611.0022 |b C591 |
| 100 | 1 | |a Clarisse, Jacques | |
| 245 | 1 | 0 | |a Hình ảnh học sọ não X quang cắt lớp điện toán cộng hưởng từ |c Jacques Clarisse, Nguyễn Thi Hùng, Phạm Ngọc Hoa |
| 260 | |a H. |b Y học |c 2008 | ||
| 300 | |a 343 |b minh họa |c 31 cm | ||
| 520 | 3 | |a Đây là một quyển sách nhập môn về hình ảnh học thần kinh và cũng là một sổ tay thực hành hình ảnh học. Sách bao gồm 3 phần : Phần nhắc lại một số điểm cần lưu ý về giải phẫu và giải phẫu bệnh cần thiết; Phần giới thiệu về kỹ thuật tiến hành khảo sát; Phương pháp đọc và lý giải hình ảnh | |
| 653 | |a Kỹ thuật Hình ảnh Y học | ||
| 700 | 1 | |a Nguyễn Thi Hùng | |
| 700 | 1 | |a Phạm Ngọc Hoa | |
| 942 | |2 ddc |c BK | ||
| 952 | |0 0 |1 0 |2 ddc |4 0 |6 611_002200000000000_C591 |7 0 |9 26845 |a 000001 |b 000001 |d 2023-03-24 |o 611.0022 C591 |p MD.21336 |r 2023-03-24 |v 450000.00 |w 2023-03-24 |y BK | ||
| 980 | |a Thư viện Trường Đại học Nam Cần Thơ | ||